Minecraft Hypixel minigames - Statistics

General Stats
  • This quiz has been taken 75 times
  • The average score is 4 of 5
Answer Stats
Question Answer % Correct
A minigames that nust defend our team or attack other team Bedwars
100%
A minigames that we can be murder, sherrif, and innocent Murder mystery
100%
A minigames that must survive in skyblock and attack other player enemy Skywars
100%
A minigames that we can play with our friend and survive in a sky island and can gather resource and build anyrhing you want Skyblock
88%
A minigames that can build your own building or etc housing
50%
No matching quizzes found
Score Distribution
Percent of People with Each Score
Percentile by Number Answered
Your Score History
You have not taken this quiz